ბათუმის შოთა რუსთაველის სახელმწიფო უნივერსიტეტის ბიბლიოთეკა

Teaching Students with Language and Communication Disabilities / (ბიბ.ჩანაწერი № 57890)

000 -LEADER
fixed length control field 00722nam a22001817a 4500
005 - DATE AND TIME OF LATEST TRANSACTION
control field 20210326162231.0
008 - FIXED-LENGTH DATA ELEMENTS--GENERAL INFORMATION
fixed length control field 210326s2019 enk||||| |||| 00| 0 eng d
020 ## - INTERNATIONAL STANDARD BOOK NUMBER
International Standard Book Number 9781682857441
041 ## - LANGUAGE CODE
Language code of text/sound track or separate title eng
080 ## - UNIVERSAL DECIMAL CLASSIFICATION NUMBER
Universal Decimal Classification number 376-056.2 L-22
100 ## - MAIN ENTRY--PERSONAL NAME
Personal name Lane, Murphy
9 (RLIN) 10767
245 ## - TITLE STATEMENT
Title Teaching Students with Language and Communication Disabilities /
Statement of responsibility, etc. Murphy Lane.
264 ## - PRODUCTION, PUBLICATION, DISTRIBUTION, MANUFACTURE, AND COPYRIGHT NOTICE
Place of production, publication, distribution, manufacture New York :
Name of producer, publisher, distributor, manufacturer Willford Press,
Date of production, publication, distribution, manufacture, or copyright notice 2019.
300 ## - PHYSICAL DESCRIPTION
Extent 272 p.
Other physical details 26 cm.
653 ## - INDEX TERM--UNCONTROLLED
keyword ენისა და კომუნიკაციის შეზღუდული შესაძლებლობის მქონე სტუდენტების სწავლება
653 ## - INDEX TERM--UNCONTROLLED
keyword პედაგოგიკა
942 ## - ADDED ENTRY ELEMENTS (KOHA)
Source of classification or shelving scheme
Koha item type წიგნი
ეგზემპლარები
Withdrawn status Lost status Source of classification or shelving scheme Damaged status Not for loan Permanent Location Current Location Shelving location Date acquired Cost, normal purchase price Full call number Barcode Date last seen Copy number Price effective from Koha item type Public note
          ბათუმის შოთა რუსთაველის სახელმწიფო უნივერსიტეტის მთავარი ბიბლიოთეკა ბათუმის შოთა რუსთაველის სახელმწიფო უნივერსიტეტის მთავარი ბიბლიოთეკა წიგნსაცავი 2021-03-26 475.00 376-056.2 L-22 61270 2021-03-26 61270 2021-03-26 წიგნი 475 ლ.
          ბათუმის შოთა რუსთაველის სახელმწიფო უნივერსიტეტის მთავარი ბიბლიოთეკა ბათუმის შოთა რუსთაველის სახელმწიფო უნივერსიტეტის მთავარი ბიბლიოთეკა წიგნსაცავი 2021-03-26 435.00 376-056.2 L-22 61275 2021-03-26 61275 2021-03-26 წიგნი 435 ლ.